000 00744cam a2200217 a 4500
020 _a9789712202582
020 _a9712202585
040 _cCOO
082 _a338 INT 2010 A015 Or.
245 0 0 _aRice in the global economy :
_bstrategic research and policy issues for food security /
246 3 0 _aStrategic research and policy issues for food security
260 _aManila :
_bInternational Rice Research Institute,
_c2010.
300 _avii, 477 p. :
_bill. (some col.), col. maps ;
_c23 cm.
650 0 _aRice trade.
650 0 _aRice.
650 0 _aFood security.
700 1 _aPandey, Sushil.
710 1 _aInternational Rice Research Institute.
856 4 1 _uhttp://www.loc.gov/catdir/toc/fy12pdf02/2011308303.html
942 _cEK
999 _c11361
_d11361